| 000 | 00887nam a2200205 a 4500 | ||
|---|---|---|---|
| 001 | 000044122 | ||
| 005 | 20201002045148.0 | ||
| 008 | 140516s2011 sp 000 0 spa d | ||
| 020 | _a9788498302844 | ||
| 040 |
_aDO-SdBNP _bspa _cBNPHU |
||
| 245 | 0 | 3 |
_aLa diversidad religiosa en el País Vasco : _bnuevos retos sociales y culturales para las políticas públicas / _cEduardo Javier Ruiz Vieytez (dir.) ; Saioa Bilbao Urquidi ... [et al.]. |
| 260 |
_aEspaña : _bPublicaciones de la Universidad de Deusto, _c2011. |
||
| 490 | 1 |
_aDerechos humanos _v16 |
|
| 504 | _aIncluye referencias bibliográficas y notas al pie de las páginas | ||
| 504 | _aBibliografía : p. 149-154 | ||
| 700 | 1 | 2 |
_aRuiz Vieytez, Eduardo Javier. _972123 |
| 700 | 1 | 2 |
_aBilbao Urquidi, Saioa. _972124 |
| 710 | 2 |
_aUniversidad de Deusto. Instituto de Derechos Humanos. _972125 |
|
| 830 | 0 |
_aDerechos humanos _v16 _972126 |
|
| 999 |
_c43611 _d43611 |
||